Tilastot visalle Sanat: "Kukka kaipaa valoa" - Mitra

Klikkaa tästä pelataksesi tätä visaa!

Yleistilastot

  • Tätä visaa on pelattu 6 kertaa
  • Keskiarvotulos 74 / 152

Vastaustilastot

Vastaus% Oikein
että
100%
ja
100%
jokainen
100%
kai
100%
kaipaa
100%
kukka
100%
100%
mua
100%
on
100%
valoa
100%
ääneen
50%
aikaa
50%
aina
50%
Aina
50%
alla
50%
en
50%
huolenpitoa
50%
ihan
50%
ihana
50%
joku
50%
joskus
50%
kaunis
50%
kiehtova
50%
kova
50%
kuin
50%
kun
50%
kuulla
50%
maailma
50%
mun
50%
Mun
50%
mutta
50%
nolottaa
50%
ole
50%
olis
50%
oon
50%
peiton
50%
saada
50%
sanoa
50%
sulta
50%
tää
50%
tarvitsen
50%
täytyy
50%
tupakkaa
50%
vaan
50%
vähän
50%
vaikka
50%
välillä
50%
aalto
0%
aio
0%
Älä
0%
ansaita
0%
avoinna
0%
halaa
0%
harmaata
0%
hyvä
0%
kadota
0%
karmaan
0%
kohta
0%
kulkis
0%
kunnolla
0%
kylmää
0%
läpi
0%
missä
0%
nätti
0%
oikeaan
0%
osuu
0%
paikkaan
0%
paistaa
0%
Päivä
0%
pelastaa
0%
pelkää
0%
pysyisin
0%
raosta
0%
saattaa
0%
sana
0%
se
0%
siihen
0%
siinä
0%
silloin
0%
sinne
0%
sisällä
0%
suojassa
0%
Uskon
0%
varpaista
0%
verhon
0%
yksi
0%
ylöspäin
0%

Tulosjakauma

Persentiili vastausten määrän mukaan

Jokaisen tuloksen saaneiden osuus

Tuloshistoriasi

Et ole pelannut tätä visaa